01454nam a2200181Ia 4500008004100000020001800041050002400059110000900083240003200092245003200124250000700156260004800163300004300211500008600254505084800340650003901188650004501227120625s2013 MX 000 0 SPA d a9786074063561 aAV KGF7611.A28 2012 aISEF aAgenda civil del D. F. 2012 aAgenda civil del D. F. 2012 a22 aMéxico b:Ediciones Fiscales ISEFc, 2012 a1 v. (paginación variada) c; 17 cm. a : compendio de leyes, reglamentos y otras disposiciones conexas sobre la materia aCódigo Civil para el D.F. ; Código de Procedimientos Civiles para el D.F. ; Código Civil Federal ; Código Federal de Procedimientos Civiles ; Ley de Notariado para el D. F. ; Ley de la propiedad en Condominio de Inmuebles para el D.F. ; Ley Registral para el D.F. y Reglamento ; Arancel de Notarios del D.F. ; Convenio de coordinación para efectuar el registro de recién nacidos en las clínicas y hospitales del sector salud en el D.F. ; Ley de Instituciones de Asistencia privada para el D.F. ; Ley para prevenir y eliminar la discriminación del D.F. ; Ley de sociedades de convivencia para el D.F. ; Ley de acceso de las mujeres a una vida libre de violencia para el D.F. ; Ley de la Procuraduría social del D.F. ; Decreto de abroga el diverso que porroga los contratos de arrendamiento de las casas o locales que se citan  aDerecho civil -- Distrito Federal  aProcedimiento civil -- Distrito Federal